Μαθητείες στην ιστορία : 10 κείμενα για τον Σπύρο Καράβα

Αποθηκεύτηκε σε:
Λεπτομέρειες βιβλιογραφικής εγγραφής
Κύριος συγγραφέας: Καραφουλίδου, Βίκυ (Συγγραφέας)
Άλλοι συγγραφείς: Κυραμαργιού, Ελένη (Συγγραφέας εισαγωγής κ.λπ., edtf)
Μορφή: Βιβλίο
Γλώσσα:Greek
Δημοσίευση: Αθήνα : ενARTE, 2022.
Θέματα:
Ετικέτες: Προσθήκη ετικέτας
Δεν υπάρχουν, Καταχωρήστε ετικέτα πρώτοι!

MARC

LEADER 00000nam a2200000 a 4500
001 1/126269
008 230310t2022####gr | ||| |||| ||gre||
020 |a 9789609548526  |q (χαρτόδετο) 
040 |a GR-MyUa  |b gre  |c GR-MyUa  |e AACR2 
041 0 |a gre 
082 7 |a 938.6   |2 (23) 
245 1 0 |a Μαθητείες στην ιστορία :   |b 10 κείμενα για τον Σπύρο Καράβα /   |c Βίκυ Καραφουλίδου...[κ.ά.] ; επιμέλεια Ελένη Κυραμαργιού ; [εισαγωγικά Ελένη Κυραμαργιού].  
260 |a Αθήνα :   |b ενARTE,   |c 2022.  
300 |a 362 σ. ;   |c 21 εκ.  
504 |a Περιέχει βιβλιογραφικές αναφορές και ευρετήριο.  
500 |a Δέκα κείμενα για τον Σπύρο Καράβα των: Βίκυ Καραφουλίδου, Ανδρέας Λυμπεράτος, Τάσος Κωστόπουλος, Μαρία Μανδαμαδιώτου, Λεωνίδας Εμπειρίκος, Παρασκευάς Ματάλας, Ντίνα Μουστάνη, Άντα Καπόλα, Δημήτρης Μάντζαρης, Ελένη Κυραμαργιού, Ειρήνη Μανωλοπούλου.  
650 0 |a Ethnology  |z Greece. 
651 0 |a Greece  |x History  |y 19th century. 
651 0 |a Greece  |x History  |y 20th century. 
600 1 0 |a Καράβας, Σπύρος,   |d 1954- 
700 1 |a Κυραμαργιού, Ελένη,  |e aui  |e edtf 
700 1 |a Καραφουλίδου, Βίκυ,  |e aut 
852 |a INST  |b SAMOS  |e 20230310  |h 938.6 ΜΑΘ  |p 005300048102  |q 005300048102  |t BK  |y 0 
970 |a Γουβάλα  |b Βάσω  |z 10-03-2023